000
00297nam a22001337a 4500
008
180814b xxu||||| |||| 00| 0 eng d
041
_a
eng
080
_a
616.12
082
_a
616.12
100
_a
7
101
_a
KAR
245
_a
Congenital Disease of the Heart
_c
Rudolph,A.M
942
_2
udc
_c
BK
999
_c
47087
_d
47087